000 00667nam a22001817a 4500
005 20251029134524.0
008 s2518 th tha d
040 _aNALT
041 _atha
050 _aDS 571
_bห3 2518
245 0 0 _aสรุปเหตุการณ์ 2517.
260 _aกรุงเทพฯ :
_bประพันธ์สาส์น,
_c2518.
300 _a254 หน้า :
_bภาพประกอบ
651 0 _aไทย
_xประวัติศาสตร์
_yกรุงรัตนโกสินทร์, 2516
_917724
850 _aNALT
856 4 0 _uhttps://hdl.handle.net/20.500.14156/372007
942 _cRRB
_2lcc
999 _c1909
_d1909
998 _j4612
_k นางสาววัลยา พุ่มต้นวงค์